Priestorový model duopolu s obmedzenou ponukou

Modelovanie situácie, kde dve konkurujúce spoločnosti ponúkajú identický produkt, ktorého cena môže byť odlišná. Hráči sa rozhodujú o svojej polohe berúc do úvahy podiel získaného celkového dopytu. Veľkosť hráčov sa líši. Trh je charakterizovaný grafom.

Salvato in:
Dettagli Bibliografici
Autore principale: Čičková, Zuzana, 1978-
Natura: Capitolo di libro
Lingua:slovacco
Soggetti:
Tags: Aggiungi Tag
Nessun Tag, puoi essere il primo ad aggiungerne!!

MARC

LEADER 00000naa$a2200000$$$4500
001 0261060
005 20240502074138.0
041 0 |a slo 
044 |a SK 
245 1 0 |a Priestorový model duopolu s obmedzenou ponukou  |c Zuzana Čičková 
520 |a Modelovanie situácie, kde dve konkurujúce spoločnosti ponúkajú identický produkt, ktorého cena môže byť odlišná. Hráči sa rozhodujú o svojej polohe berúc do úvahy podiel získaného celkového dopytu. Veľkosť hráčov sa líši. Trh je charakterizovaný grafom. 
610 2 0 |a duopoly 
610 2 0 |a teória hier 
610 2 0 |a modely 
610 2 0 |a priestor 
610 2 0 |a ponuka 
610 2 0 |a konkurencia 
100 1 |a Čičková, Zuzana, 1978-